Pierwiastki chemiczne składające się z 8 liter - Statystyki

Ogólne statystyki
  • Ten quiz został rozwiązany 10 razy
  • Średni wynik to 7 z 8
Statystyki odpowiedzi
Pierwiastek % Poprawnych
Liwermor
100%
Oganeson
100%
Roentgen
100%
Einstein
75%
Kaliforn
75%
Kopernik
75%
Mendelew
75%
Molibden
50%
Nie znaleziono quizów pasujących do podanych kryteriów
Rozkład punktacji
Procent ludzi z każdym wynikiem
Percentyl według liczby udzielonych odpowiedzi
Twoja historia wyników
Nie rozwiązałeś tego quizu